Lessons on leadership : the 7 fundamental management skills for leaders at all levels

Bibliographic Details
Main Author: Stahl, Jack
Format: Book
Published: New York : Kaplan Publishing , 2007
Subjects:

MARC

LEADER 00000cam a2200000 7i4500
001 0000018716
005 20080619.0
008 080610
020 |a 0793194742 
090 0 0 |a 303.34   |b STA 
100 1 |a Stahl, Jack 
245 1 0 |a Lessons on leadership :   |b the 7 fundamental management skills for leaders at all levels   |c Jack Stahl 
246 0 0 |a Lessons on leadership   |b The seven fundamental management skills for leaders at all levels 
260 |a New York :   |b Kaplan Publishing ,   |c 2007 
650 0 |a Leadership   |x Social science 
650 0 |a Management 
999 |a 0001020413   |b Book   |c Adult Collection   |e Perbadanan Perpustakaan Awam Johor